పటంపై యాదృచ్ఛిక క్రమంలో భారతదేశ రాష్ట్రాలు - Statistics

General Stats
  • This quiz has been taken 2 times
  • The average score is 13 of 36
Answers on the Map
Answers color-coded by a green-red scale on the quiz's map according to % correct below.
 
Answer Stats
State % Correct
ఆంధ్రప్రదేశ్
100%
గోవా
100%
కేరళ
100%
మధ్యప్రదేశ్
100%
ఉత్తర ప్రదేశ్
100%
అస్సాం
50%
బీహార్
50%
గుజరాత్
50%
హర్యానా
50%
హిమాచల్ ప్రదేశ్
50%
కర్ణాటక
50%
మహారాష్ట్ర
50%
మేఘాలయ
50%
ఒడిశా
50%
పంజాబ్
50%
రాజస్థాన్
50%
సిక్కిం
50%
తమిళనాడు
50%
తెలంగాణ
50%
అండమాన్ నికోబార్ దీవులు
50%
ఢిల్లీ
50%
అరుణాచల్ ప్రదేశ్
0%
ఛత్తీస్‌గఢ్
0%
జమ్మూ కాశ్మీర్
0%
జార్ఖండ్
0%
లడఖ్
0%
మణిపూర్
0%
మిజోరం
0%
నాగాలాండ్
0%
త్రిపుర
0%
ఉత్తరాఖండ్
0%
పశ్చిమ బెంగాల్
0%
చండీగఢ్
0%
లక్షద్వీప్
0%
పుదుచ్చేరి
0%
దాద్రా, నగర్ హవేలీ, డామన్, డయ్యూ
0%
No matching quizzes found
Score Distribution
Percent of People with Each Score
Percentile by Number Answered
Your Score History
You have not taken this quiz